CCENT : (Record no. 35940)

MARC details
000 -LEADER
fixed length control field 00485nam a22001697a 4500
005 - DATE AND TIME OF LATEST TRANSACTION
control field 20240624091805.0
008 - FIXED-LENGTH DATA ELEMENTS--GENERAL INFORMATION
fixed length control field 240624b |||||||| |||| 00| 0 eng d
020 ## - INTERNATIONAL STANDARD BOOK NUMBER
ISBN 9780470247020
082 ## - DEWEY DECIMAL CLASSIFICATION NUMBER
Classification number 004.6
Item number LAM-C
100 ## - MAIN ENTRY--AUTHOR
Author Name Lammle, Todd
245 ## - TITLE STATEMENT
Title CCENT :
Remainder of title Cisco certified entry networking technician study guide /
Statement of responsibility, etc. Todd Lammle
260 ## - PUBLICATION, DISTRIBUTION, ETC.
Place of Publication USA:
Name of publisher, distributor, etc. Elsevier;
Date of publication, distribution, etc. 2008.
300 ## - PHYSICAL DESCRIPTION
Pages xiv, 609 p. :
500 ## - GENERAL NOTE
General note include index.
650 ## - SUBJECT ADDED ENTRY--TOPICAL TERM
Subject / Department Networking
300 ## - PHYSICAL DESCRIPTION
-- ill;
-- 24 cm.
952 ## - LOCATION AND ITEM INFORMATION (KOHA)
-- 0
-- 0
Holdings
Lost status Damaged status Collection code Permanent Location Current Location Shelving Location Date acquired Full Call Number Accession No./Barcode Date last seen item type Koha item type
    CS/IT Superior Information Resource Center (SIRC) Superior University- Gold Campus Superior Information Resource Center (SIRC) Superior University- Gold Campus Networking 06/24/2024 004.6 LAM-C 2008 17721 06/24/2024 BOOK BOOK

Powered by Koha